| 000 | 00356 a2200169 4500 | ||
|---|---|---|---|
| 001 | 192301 | ||
| 020 | _a978-85-329-0768-4 | ||
| 040 | _cMagnum | ||
| 100 | _aBarra, Simone | ||
| 240 | 1 | 0 |
_aPedro e os cacarecos _lpor |
| 245 | 1 | 0 | _aPedro e os cacarecos |
| 300 | _a34 | ||
| 362 | 0 | _a2013 | |
| 440 | 1 | _aLĂȘ | |
| 697 | _aLITERATURA INFANTO | ||
| 942 | _cBK | ||
| 999 |
_c192301 _d192301 |
||